<?xml version="1.0" encoding="UTF-8"?>
<record
    xmlns:xsi="http://www.w3.org/2001/XMLSchema-instance"
    xsi:schemaLocation="http://www.loc.gov/MARC21/slim http://www.loc.gov/standards/marcxml/schema/MARC21slim.xsd"
    xmlns="http://www.loc.gov/MARC21/slim">

  <leader>04091nam a2200445 a 4500</leader>
  <controlfield tag="001">dia_6134</controlfield>
  <controlfield tag="003">CHAP</controlfield>
  <controlfield tag="005">20240815091528.0</controlfield>
  <controlfield tag="007">ta</controlfield>
  <controlfield tag="008">220601s2015    mx abd frm    001 0 spa d</controlfield>
  <datafield tag="040" ind1=" " ind2=" ">
    <subfield code="a">mxchpua</subfield>
    <subfield code="c">CHAP</subfield>
  </datafield>
  <datafield tag="041" ind1="0" ind2=" ">
    <subfield code="a">spa</subfield>
    <subfield code="b">eng</subfield>
  </datafield>
  <datafield tag="090" ind1=" " ind2=" ">
    <subfield code="a">Tesis </subfield>
    <subfield code="b">A46 </subfield>
    <subfield code="c">2015</subfield>
  </datafield>
  <datafield tag="100" ind1="1" ind2=" ">
    <subfield code="a">Almaro Vilchis, Jonathan</subfield>
  </datafield>
  <datafield tag="245" ind1="1" ind2="0">
    <subfield code="a">Efecto de tres formas de beneficiado en las caracter&#xED;sticas fisicoqu&#xED;micas y bromatol&#xF3;gicas de dos variedades de caf&#xE9; (Coffea arabica L.) / </subfield>
    <subfield code="c">Jonathan Almaro Vilchis y Lorena Edita Rojas Dur&#xE1;n</subfield>
  </datafield>
  <datafield tag="264" ind1=" " ind2=" ">
    <subfield code="a">Chapingo, M&#xE9;xico :</subfield>
    <subfield code="b">El autor,</subfield>
    <subfield code="c">2015</subfield>
  </datafield>
  <datafield tag="300" ind1=" " ind2=" ">
    <subfield code="a">x, 69 hojas :</subfield>
    <subfield code="b">ilustraciones, tablas, gr&#xE1;ficas, diagramas, mapas +</subfield>
    <subfield code="e">1 CD-ROM</subfield>
  </datafield>
  <datafield tag="336" ind1=" " ind2=" ">
    <subfield code="2">rdacontent</subfield>
    <subfield code="a">texto</subfield>
    <subfield code="b">txt</subfield>
  </datafield>
  <datafield tag="337" ind1=" " ind2=" ">
    <subfield code="2">rdamedia</subfield>
    <subfield code="a">no mediado</subfield>
    <subfield code="b">n</subfield>
  </datafield>
  <datafield tag="338" ind1=" " ind2=" ">
    <subfield code="2">rdacarrier</subfield>
    <subfield code="a">volumen</subfield>
    <subfield code="b">nc</subfield>
  </datafield>
  <datafield tag="502" ind1=" " ind2=" ">
    <subfield code="a">Tesis</subfield>
    <subfield code="b">(Ingeniero Agroindustrial) --</subfield>
    <subfield code="c">UACh. Departamento de Ingenier&#xED;a Agroindustrial,</subfield>
    <subfield code="d">2015</subfield>
  </datafield>
  <datafield tag="504" ind1=" " ind2=" ">
    <subfield code="a">Bibliograf&#xED;a: hojas 64-69</subfield>
  </datafield>
  <datafield tag="520" ind1="3" ind2=" ">
    <subfield code="a">Para el proceso de beneficiado de caf&#xE9; existen 3 tipos de v&#xED;as las cuales son; la seca, semih&#xFA;meda y h&#xFA;meda.La v&#xED;a h&#xFA;meda es considerada la v&#xED;a tradicional, adem&#xE1;s se ha comprobado que el uso de esta v&#xED;a conserva las caracter&#xED;sticas del caf&#xE9; generando un caf&#xE9; de buena calidad, sin embargo, el uso excesivo de agua utilizado durante el proceso de beneficiado h&#xFA;medo de caf&#xE9; conllev&#xF3; a generar alternativas en las cuales el uso de agua se reduzca en gran cantidad, una de &#xE9;stas es la v&#xED;a de beneficiado h&#xFA;medo.Se realiz&#xF3; una caracterizaci&#xF3;n fisicoqu&#xED;mica y bromatol&#xF3;gica de dos variedades de caf&#xE9;, Bourb&#xF3;n Amarillo y Questlansas&#xE9; del Centro Regional Universitario de Oriente (CRUO-UACh), sometidas a tres v&#xED;as de beneficiado con la finalidad de estudiar los cambios causados por el tipo de procesamiento que pueden interferir en la calidad final del caf&#xE9;, as&#xED; determinar si la seca o v&#xED;a semih&#xFA;meda, es una alternativa a la v&#xED;a h&#xFA;meda al conservar la calidad del caf&#xE9;.Se comprob&#xF3; que la v&#xED;a semih&#xFA;meda conserva las caracter&#xED;sticas fisicoqu&#xED;micas y bromat&#xF3;logicas de caf&#xE9;, sin embargo, en cuanto al tipo de variedad se encontraron diferencias significativas en su composici&#xF3;n. \ </subfield>
  </datafield>
  <datafield tag="520" ind1="3" ind2=" ">
    <subfield code="a">There are 3 different process for the coffee production, which are wet, dry and semi-dry process.The wet process is considered the traditional one, it has been found that processing coffee in this way helps to retain its characteristics in order to get a good quality beverage, however, the overuse of water during the wet process led to generate alternatives where the use of water is reduced in a large amount, one of them is the dry process.Bromatological and physicochemical characterization were performed for two coffee bean varieties: Yellow Bourbon and Questlansas&#xE9; from the "Centro Regional Universitario de Oriente (CRUO-UACh)", which were treated by the 3 different process for the coffee production in order to study the changes caused by them and that can interfere with the final quality of the coffee, so as to establish if dry or semi-dry processes are possible alternatives to the wet one, if they preserved the coffee's quality.It was found that the semi-dry process preserves the coffee's physicochemical and qualitative characteristics, however, there were significant differences between the varieties because of their composition.</subfield>
  </datafield>
  <datafield tag="650" ind1="1" ind2="3">
    <subfield code="a">Semillas de caf&#xE9;  </subfield>
    <subfield code="2">atg</subfield>
  </datafield>
  <datafield tag="650" ind1="1" ind2="3">
    <subfield code="a">Propiedades fisicoqu&#xED;micas</subfield>
    <subfield code="2">atg</subfield>
  </datafield>
  <datafield tag="650" ind1="1" ind2="3">
    <subfield code="a">Propiedades sensoriales  </subfield>
    <subfield code="2">atg</subfield>
  </datafield>
  <datafield tag="650" ind1="1" ind2="3">
    <subfield code="a">Coffee beans  </subfield>
    <subfield code="2">atg</subfield>
  </datafield>
  <datafield tag="650" ind1="1" ind2="3">
    <subfield code="a">Physicochemical properties  </subfield>
    <subfield code="2">atg</subfield>
  </datafield>
  <datafield tag="650" ind1="1" ind2="3">
    <subfield code="a">Sensory properties  </subfield>
    <subfield code="2">atg</subfield>
  </datafield>
  <datafield tag="700" ind1="1" ind2=" ">
    <subfield code="a">Rojas Dur&#xE1;n, Lorena Edita</subfield>
    <subfield code="e">autora</subfield>
  </datafield>
  <datafield tag="700" ind1="1" ind2=" ">
    <subfield code="a">Partida Sedas, Jos&#xE9; Gervasio</subfield>
    <subfield code="e">director</subfield>
  </datafield>
  <datafield tag="700" ind1="1" ind2=" ">
    <subfield code="a">Rivera Salvador, V&#xED;ctor</subfield>
    <subfield code="e">asesor</subfield>
  </datafield>
  <datafield tag="700" ind1="1" ind2=" ">
    <subfield code="a">Esparza Torres, F&#xE9;lix</subfield>
    <subfield code="e">asesor</subfield>
  </datafield>
  <datafield tag="856" ind1=" " ind2=" ">
    <subfield code="u">http://10.13.5.2/tesis/sist111939.pdf</subfield>
    <subfield code="y">DESCARGAR PDF</subfield>
  </datafield>
  <datafield tag="901" ind1=" " ind2=" ">
    <subfield code="a">TESIS A46 2015</subfield>
  </datafield>
  <datafield tag="902" ind1=" " ind2=" ">
    <subfield code="a">M</subfield>
  </datafield>
  <datafield tag="905" ind1=" " ind2=" ">
    <subfield code="a">5232272015                          mx nmbl8223123322spa16</subfield>
  </datafield>
  <datafield tag="942" ind1=" " ind2=" ">
    <subfield code="c">TESIS</subfield>
    <subfield code="2">Clasificaci&#xF3;n Universidad Aut&#xF3;noma Chapingo</subfield>
  </datafield>
  <datafield tag="999" ind1=" " ind2=" ">
    <subfield code="c">209652</subfield>
    <subfield code="d">209652</subfield>
  </datafield>
  <datafield tag="952" ind1=" " ind2=" ">
    <subfield code="0">0</subfield>
    <subfield code="1">0</subfield>
    <subfield code="2">local</subfield>
    <subfield code="4">0</subfield>
    <subfield code="5">1</subfield>
    <subfield code="7">0</subfield>
    <subfield code="8">TESIS</subfield>
    <subfield code="a">IA_</subfield>
    <subfield code="b">IA_</subfield>
    <subfield code="d">2015-06-01</subfield>
    <subfield code="e">El autor</subfield>
    <subfield code="l">0</subfield>
    <subfield code="o">Tesis A46 2015</subfield>
    <subfield code="p">1101009912</subfield>
    <subfield code="r">2022-06-01 00:00:00</subfield>
    <subfield code="t">Ej.3</subfield>
    <subfield code="w">2015-06-01</subfield>
    <subfield code="y">CD</subfield>
  </datafield>
  <datafield tag="952" ind1=" " ind2=" ">
    <subfield code="0">0</subfield>
    <subfield code="1">0</subfield>
    <subfield code="2">local</subfield>
    <subfield code="4">0</subfield>
    <subfield code="5">1</subfield>
    <subfield code="7">0</subfield>
    <subfield code="8">TESIS</subfield>
    <subfield code="a">IA_</subfield>
    <subfield code="b">IA_</subfield>
    <subfield code="d">2015-06-01</subfield>
    <subfield code="e">El autor</subfield>
    <subfield code="l">0</subfield>
    <subfield code="o">Tesis A46 2015</subfield>
    <subfield code="p">1101009910</subfield>
    <subfield code="r">2026-02-02 00:00:00</subfield>
    <subfield code="t">Ej.1</subfield>
    <subfield code="w">2015-06-01</subfield>
    <subfield code="y">TESIS</subfield>
  </datafield>
  <datafield tag="952" ind1=" " ind2=" ">
    <subfield code="0">0</subfield>
    <subfield code="1">0</subfield>
    <subfield code="2">local</subfield>
    <subfield code="4">0</subfield>
    <subfield code="5">1</subfield>
    <subfield code="7">0</subfield>
    <subfield code="8">TESIS</subfield>
    <subfield code="a">IA_</subfield>
    <subfield code="b">IA_</subfield>
    <subfield code="d">2015-06-01</subfield>
    <subfield code="e">El autor</subfield>
    <subfield code="l">0</subfield>
    <subfield code="o">Tesis A46 2015</subfield>
    <subfield code="p">1101009911</subfield>
    <subfield code="r">2022-06-01 00:00:00</subfield>
    <subfield code="t">Ej.2</subfield>
    <subfield code="w">2015-06-01</subfield>
    <subfield code="y">CD</subfield>
  </datafield>
  <datafield tag="952" ind1=" " ind2=" ">
    <subfield code="0">0</subfield>
    <subfield code="1">0</subfield>
    <subfield code="2">local</subfield>
    <subfield code="4">0</subfield>
    <subfield code="7">0</subfield>
    <subfield code="8">TesDigL</subfield>
    <subfield code="a">IA_</subfield>
    <subfield code="b">IA_</subfield>
    <subfield code="c">E_L</subfield>
    <subfield code="d">2015-06-01</subfield>
    <subfield code="e">El autor</subfield>
    <subfield code="l">0</subfield>
    <subfield code="p">1201009910</subfield>
    <subfield code="r">2024-08-15 10:56:56</subfield>
    <subfield code="w">2015-06-01</subfield>
    <subfield code="y">TD</subfield>
  </datafield>
</record>
